Name a Valid Indian State or Union Territory - Statistics

General Stats
  • This quiz has been taken 32 times
  • The average score is 12 of 20
Answer Stats
Name an Indian State or Union Territory... Answer % Correct
whose name ends with "Pradesh" Andhra Pradesh | Arunachal Pradesh | Himachal Pradesh | Madhya Pradesh | Uttar Pradesh
93%
with more than 50 million people Gujarat | Karnataka | Tamil Nadu | Rajasthan | Madhya Pradesh | West Bengal | Bihar | Maharashtra | Uttar Pradesh
89%
which more than 75% guessed on the States of India quiz West Bengal | Uttar Pradesh | Goa | Punjab | Delhi | Jammu & Kashmir
89%
with a population of under 10 million people Himachal Pradesh | Tripura | Manipur | Meghalaya | Nagaland | Goa | Aruncahal Pradesh | Mizoram | Sikkim | Lakshadweep | Andaman & Nicobar Islands
85%
with a life expectancy of over 70 years Kerala | Delhi | Jammu & Kashmir | Uttarakhand | Himachal Pradesh | Punjab | Maharashtra | Tamil Nadu | West Bengal
81%
where the GDP per capita is more than $3,000 Goa | Delhi | Sikkim | Chandigarh
78%
that has an area of less than 50,000 square miles Tripura | Mizoram | Sikkim | Manipur | Nagaland | Haryana | Delhi | Goa | Puducherry | Andaman & Nicobar Islands | Lakshadweep
78%
with the less than 10% of their population living below the poverty line Punjab | Sikkim | Himachal Pradesh | Goa | Kerala
67%
that borders two or more bodies of water (straits, bays, seas, oceans, etc Tamil Nadu
67%
with more than half of its area covered by forest Arunachal Pradesh | Assam | Goa | Karnataka | Manipur | Meghalaya | Mizoram | Nagaland | Tripura | Andaman & Nicobar Islands | Lakshadweep
63%
whose main language is Hindi Bihar | Chandigarh | Chhattisgarh | Delhi | Haryana | Himachal Pradesh | Jharkhand | Madhya Pradesh | Rajasthan | Uttar Pradesh | Uttarakhand
63%
in which 30% or more of their population is underwight Tripura | Madhya Pradesh | Rajasthan | Assam | Jharkhand | Uttar Pradesh | Odisha | Chhattisgarh | Arunachal Pradesh | Bihar
63%
with any area south of 15° Goa | Tamil Nadu | Kerala | Andaman & Nicobar Islands | Telegana | Maharashtra | Andhra Pradesh | Karnataka | Kerala | Karnataka
59%
with a fertility rate of over 2.5 Bihar | Uttar Pradesh | Meghalaya | Madhya Pradesh | Rajasthan | Nagaland | Jharkhand
56%
with an average household size of less than 4.5 people Tripura | Kerala | Goa | Andhra Pradesh | Tamil Nadu
52%
that has an unemployment rate of over 10% Nagaland | Kerala | Manipur | West Bengal | Mizoram | Puducherry | Lakshadweep | Jharkhand | Andaman & Nicobar Islands
48%
has an obesity rate of over 20% Delhi | Punjab | Kerala | Goa | Tamil Nadu | Andhra Pradesh
41%
with a suicide rate of over 20% Sikkim | Chhattisgarh | Telegana | Tamil Nadu | Kerala | Puducherry | Andaman & Nicobar Islands
33%
with a proposed flag Tamil Nadu | Karnataka
33%
with a literacy rate of under 70% Uttar Pradesh | Jammu & Kashmir | Andhra Pradesh | Jharkhand | Rajasthan | Arunachal Pradesh | Bihar
0%
No matching quizzes found
Score Distribution
Percent of People with Each Score
Percentile by Number Answered
Your Score History
You have not taken this quiz